00360nam a2200145Ia 4500008004100000020001500041041001200056082001600068100001500084245003700099260003800136300000900174650001400183700001700197221030s9999 xx 000 0 und d a8187210001 aEnglish a105.23bPur aB. R. Puri 0aPrinciples of Physical Chemistry bShoban Lal NaginaJalandharc1999 a1359 aChemistry aL. R. Sharma